000 00362nam a2200169Ia 4500
100 _aHurwitz/Judith/ Bloor/robin
650 _aCloud computing
942 _cBK
366 _f20
654 _acloud computing
245 _aCloud computing for dummies
260 _bWiley
_c2010
082 _a4.65
_bHUR
300 _a306
546 _aENGLISH
999 _c18330
_d18330